Plazmové rezanie kovov /

Saved in:
Bibliographic Details
Main Author: Matejec, Michal (Author)
Format: Manuscript Book
Published: Bratislava : Výskumný ústav zváračský, 1962
Tags: Add Tag
No Tags, Be the first to tag this record!

MARC

LEADER 00000ntm a22000003a 4500
001 stu47320
005 20150617225701.6
008 ------s1962----cs----------------------d
040 |a STU  |b slo 
041 0
044 |a cs 
080 |a 621.791.945.5 
100 1 |a Matejec, Michal  |4 aut 
245 1 |a Plazmové rezanie kovov /  |c [aut.] Matejec,Michal 
260 |a Bratislava :  |b Výskumný ústav zváračský,  |c 1962 
300 |a 114 s 
996 |b 284J002678  |c J*10349/DIZ.  |l JJSK  |s A  |a 24  |w stu47320_0001